Aagoli manjanna kate: Tulu pada (Record no. 214925)
[ view plain ]
| 000 -LEADER | |
|---|---|
| fixed length control field | 00625nam a2200205Ia 4500 |
| 003 - CONTROL NUMBER IDENTIFIER | |
| control field | OSt |
| 005 - DATE AND TIME OF LATEST TRANSACTION | |
| control field | 20240411101256.0 |
| 008 - FIXED-LENGTH DATA ELEMENTS--GENERAL INFORMATION | |
| fixed length control field | 210719s1976 xx 000 0 und d |
| 040 ## - CATALOGING SOURCE | |
| Transcribing agency | AL |
| 041 ## - LANGUAGE CODE | |
| Language code of text/sound track or separate title | Tulu |
| 082 ## - DEWEY DECIMAL CLASSIFICATION NUMBER | |
| Classification number | T894.1 DUMA |
| 100 ## - MAIN ENTRY--PERSONAL NAME | |
| Personal name | DUMAPPA MASTER (B) |
| Dates associated with a name | ದೂಮಪ್ಪ ಮಾಸ್ಟರ್ ಬಿ |
| 9 (RLIN) | 159541 |
| 245 ## - TITLE STATEMENT | |
| Title | Aagoli manjanna kate: Tulu pada |
| Remainder of title | ಅಗೋಳಿ ಮಂಜಣ್ಣ ಕತೆ : ತುಳು ಪದ |
| 260 ## - PUBLICATION, DISTRIBUTION, ETC. | |
| Place of publication, distribution, etc. | Mangaluru |
| Date of publication, distribution, etc. | 1976 |
| 300 ## - PHYSICAL DESCRIPTION | |
| Extent | 16 |
| Other physical details | PB |
| 365 ## - TRADE PRICE | |
| Price amount | 0.5 |
| Currency code | Rs |
| 650 ## - SUBJECT ADDED ENTRY--TOPICAL TERM | |
| Topical term or geographic name entry element | Tulu Poetry |
| 9 (RLIN) | 159542 |
| 906 ## - LOCAL DATA ELEMENT F, LDF (RLIN) | |
| a | Aagoli ; kate ; manjanna ; pada ; Tulu |
| 942 ## - ADDED ENTRY ELEMENTS (KOHA) | |
| Source of classification or shelving scheme | Dewey Decimal Classification |
| Koha item type | Book |
| Withdrawn status | Lost status | Damaged status | Not for loan | Collection code | Home library | Current library | Date acquired | Cost, normal purchase price | Total Checkouts | Full call number | Barcode | Date last seen | Price effective from | Koha item type |
|---|---|---|---|---|---|---|---|---|---|---|---|---|---|---|
| Tulu | St Aloysius Library | St Aloysius Library | 11/29/2008 | 0.50 | T894.1 DUMA | D03541 | 07/19/2021 | 07/19/2021 | Donated Books |